000 00621nam a2200205 a 4500
999 _c5052
_d5052
003 BD-JhCC
005 20171207171632.0
008 171207s1976 b ||||| |||| 00| 0 ben d
035 _a(BD-JhCC)
040 _aBD-JhCC
_dBD-JhCC
041 _aben
082 _a794.1
_bISL 1976
100 _aইসলাম, সেরাজুল
245 _aদাবা খেলার রীতি-নীতি /
_cসেরাজুল ইসলাম
260 _aঢাকা :
_bবাংলাদেশ বুকস,
_c১৯৭৬
300 _a136 p. :
_c22cm.
650 _aChess
942 _2ddc
_cBK